000 01118nam a22003017a 4500
001 9417
003 FISKH
005 20260106105933.0
008 260106b cb ||||| |||| 00| 0 eng d
020 _a0590441892
040 _aFISKH
_beng
_cFISKH
_dFISKH
050 _a PZ8.S227 T
082 _a398.2
100 _aSouci, Robert D. San
245 _aThe talking eggs :
_bA folktale from the American South /
_cretold by Robert D. San Souci : pictures by Jerry Pinkney
250 _aFirst Scholastic printing , October 1990
260 _aNew York :
_bScholastic ,
_c1989 .
300 _a32 unnumbered pages :
_bcolor illustrations ;
_c23 x 23 cm .
505 _aW
520 _aA Southern folktale in which kind Blanche, following the instructions of an old witch, gains riches, while her greedy sister makes fun of the old woman and is duly rewarded.
521 8 _a870
_bLexile AD
521 8 _aW
_bRaz-Plus
650 _aFairy tales
_vChildren's Books
650 _aMulticultural
_vChildren's Books
700 _aPinkney , Jerry
_eIllustrator
942 _2ddc
_cBK
_n0
999 _c9417
_d9417